Normal view
MARC view
- الاصلاح الحديث -الكواكبي نموذجا
Entry Topical Term
001 - CONTROL NUMBER
- control field: 52552
003 - CONTROL NUMBER IDENTIFIER
- control field: JO-AjAnu
005 - DATE AND TIME OF LATEST TRANSACTION
- control field: 20230606082634.0
008 - FIXED-LENGTH DATA ELEMENTS
- fixed length control field: 230606|| aca||aabn | a|a d
040 ## - CATALOGING SOURCE
- Original cataloging agency: JO-AjAnu
- Transcribing agency: JO-AjAnu
150 ## - HEADING--TOPICAL TERM
- Topical term or geographic name entry element: الاصلاح الحديث -الكواكبي نموذجا
670 ## - SOURCE DATA FOUND
- Source citation: Work cat.: (JO-AjAnu)26854: تحرير العوضي، زكي علي, author 52551, حركة الإصلاح في العصر الحديث عبد الرحمن الكواكبي نموذجا: وقائع الندوة التي عقدت في المركز الثقافي الملكي في عمان بتاريخ 8-10 شعبان 1423 هجري الموافق 15-17 اكتوبر 2002م